000 00720nam a22002417a 4500
003 UA-OsUOA
001 44821
007 ta
008 20070314b un ||||| |||| 00| 0 ukr d
100 _aШамхалова Н. А.
090 _a811. 811
_bШ 19
942 _cBK
040 _aUA-OsUOA
_bukr
_cUA-OsUOA
_dUA-OsUOA
245 _aСучасна ділова англійська мова
_bНавчальний посібник
300 _a164 с.
955 _a2
041 _aukr
080 _a811. 811
020 _a966-574-164-0
260 _aК.
_bКНЕУ
_c2005
650 7 _a8 Мовознавство. Художня література. Літературознавство
_2UDC
999 _c330926
_d330926